[Event "Mecklenburg VP Landesliga Ost 1920"]
[Site "Mecklenburg VP"]
[Date "2019.10.20"]
[Round "2.1"]
[White "Giese, Lothar"]
[Black "Onasch, Gunnar"]
[Result "1/2-1/2"]
[WhiteElo "1892"]
[BlackElo "1885"]
[PlyCount "42"]
[EventDate "2019.09.29"]
[EventType "team-tourn"]
[EventRounds "9"]
[EventCountry "GER"]
[SourceTitle "EXT 2023"]
[Source "ChessBase"]
[SourceDate "2022.10.05"]
[SourceVersion "1"]
[SourceVersionDate "2022.10.05"]
[SourceQuality "1"]
[WhiteTeam "Stralsund HSG II"]
[BlackTeam "Saal Waterkant"]
[WhiteTeamCountry "GER"]
[BlackTeamCountry "GER"]

1. c4 c5 2. Nc3 g6 3. g3 Bg7 4. Bg2 Nc6 5. Nf3 d6 6. d3 Rb8 7. 0-0 Nf6 8. h3 a6 9. a4 0-0 10. Bd2 Ne8 11. Qc1 Bd7 12. Bh6 Nc7 13. Bxg7 Kxg7 14. Nd5 Nxd5 15. cxd5 Nb4 16. Qc3+ f6 17. Nd2 a5 18. e4 b5 19. axb5 Bxb5 20. Nc4 Bxc4 21. dxc4 Qb6 1/2-1/2

[Event "Mecklenburg VP VL1819"]
[Site "Mecklenburg VP"]
[Date "2019.03.24"]
[Round "8.7"]
[White "Kallweit, Paul"]
[Black "Giese, Lothar"]
[Result "1-0"]
[WhiteElo "1740"]
[BlackElo "1822"]
[PlyCount "101"]
[EventDate "2018.10.21"]
[EventType "team-tourn"]
[EventRounds "9"]
[EventCountry "GER"]
[SourceTitle "EXT 2022"]
[Source "ChessBase"]
[SourceDate "2021.10.06"]
[SourceVersion "1"]
[SourceVersionDate "2021.10.06"]
[SourceQuality "1"]
[WhiteTeam "Rostock SSC 07"]
[BlackTeam "Stralsund FHSG"]
[WhiteTeamCountry "GER"]
[BlackTeamCountry "GER"]

1. d4 Nf6 2. c4 d5 3. cxd5 Nxd5 4. e4 Nb6 5. Nf3 Bg4 6. Be2 e6 7. 0-0 Be7 8. Nc3 0-0 9. Be3 c6 10. Qb3 N8d7 11. Rfd1 Nf6 12. a4 Qb8 13. a5 Nbd7 14. h3 Bxf3 15. Bxf3 e5 16. d5 a6 17. Rd2 c5 18. Rad1 Bd6 19. g4 h6 20. h4 Qc7 21. g5 hxg5 22. hxg5 Ne8 23. Bg4 g6 24. Qc4 b5 25. axb6 Nxb6 26. Qa2 Kg7 27. Kg2 f6 28. Be6 Qe7 29. gxf6+ Qxf6 30. Rh1 Qf3+ 31. Kg1 Rh8 32. Rxh8 Kxh8 33. b4 Kg7 34. bxc5 Nf6 35. Rd3 Qh5 36. Qe2 Qh4 37. cxb6 Rh8 38. Qf3 g5 39. Kf1 g4 40. Qg2 Rf8 41. Ke2 Qh5 42. Qg3 Qg6 43. Bf5 Qh5 44. f3 Qh1 45. Bxg4 Nxg4 46. Qxg4+ Kh8 47. Kf2 Rf4 48. Rd1 Qh6 49. Qg2 Qg7 50. Qxg7+ Kxg7 51. Na4 1-0

[Event "Mecklenburg VP VL1819"]
[Site "Mecklenburg VP"]
[Date "2018.12.16"]
[Round "4.7"]
[White "Giese, Lothar"]
[Black "Sowada, Christoph"]
[Result "1/2-1/2"]
[WhiteElo "1822"]
[BlackElo "1941"]
[PlyCount "32"]
[EventDate "2018.10.21"]
[EventType "team-tourn"]
[EventRounds "9"]
[EventCountry "GER"]
[SourceTitle "EXT 2022"]
[Source "ChessBase"]
[SourceDate "2021.10.06"]
[SourceVersion "1"]
[SourceVersionDate "2021.10.06"]
[SourceQuality "1"]
[WhiteTeam "Stralsund FHSG"]
[BlackTeam "Greifswald II"]
[WhiteTeamCountry "GER"]
[BlackTeamCountry "GER"]

1. c4 f5 2. Nc3 g6 3. h4 Bg7 4. h5 e5 5. hxg6 hxg6 6. Rxh8 Bxh8 7. d3 d6 8. Nf3 c6 9. Bg5 Bf6 10. Qd2 Na6 11. e4 f4 12. Bxf6 Qxf6 13. 0-0-0 Bd7 14. Be2 0-0-0 15. Rh1 Ne7 16. Qd1 Rh8 1/2-1/2

[Event "Oberliga Nord O 1718"]
[Site "Germany"]
[Date "2018.02.04"]
[Round "6.6"]
[White "Giese, Lothar"]
[Black "Mohrmann, Ralf"]
[Result "0-1"]
[WhiteElo "1898"]
[BlackElo "2074"]
[PlyCount "36"]
[EventDate "2017.10.08"]
[EventType "team-tourn"]
[EventRounds "9"]
[EventCountry "GER"]
[SourceTitle "EXT 2019"]
[Source "ChessBase"]
[SourceDate "2018.10.10"]
[SourceVersion "1"]
[SourceVersionDate "2018.10.10"]
[SourceQuality "1"]
[WhiteTeam "Stralsund"]
[BlackTeam "Berlin Weisse Dame"]
[WhiteTeamCountry "GER"]
[BlackTeamCountry "GER"]

1. c4 Nf6 2. Nc3 g6 3. e4 d6 4. d4 Bg7 5. Be2 0-0 6. h3 e5 7. d5 a5 8. Be3 Na6 9. Nf3 Nc5 10. Bxc5 dxc5 11. Nh2 Ne8 12. Qd2 Nd6 13. 0-0 f5 14. f3 Bd7 15. b3 Qh4 16. Bd3 Bh6 17. Qe2 Bf4 18. Kh1 Qg3 0-1

[Event "Oberliga Nord O 1718"]
[Site "Germany"]
[Date "2017.11.12"]
[Round "3.7"]
[White "Giese, Lothar"]
[Black "Emig, Edgar"]
[Result "0-1"]
[WhiteElo "1898"]
[BlackElo "2128"]
[PlyCount "82"]
[EventDate "2017.10.08"]
[EventType "team-tourn"]
[EventRounds "9"]
[EventCountry "GER"]
[SourceTitle "EXT 2019"]
[Source "ChessBase"]
[SourceDate "2018.10.10"]
[SourceVersion "1"]
[SourceVersionDate "2018.10.10"]
[SourceQuality "1"]
[WhiteTeam "Stralsund"]
[BlackTeam "Berlin Makkabi"]
[WhiteTeamCountry "GER"]
[BlackTeamCountry "GER"]

1. c4 c5 2. Nc3 g6 3. g3 Bg7 4. Bg2 Nc6 5. d3 d6 6. e4 h5 7. h4 Bg4 8. f3 Bd7 9. Nge2 Nd4 10. Be3 Rb8 11. Bxd4 cxd4 12. Nd5 Nh6 13. Qd2 e6 14. Ndf4 0-0 15. Nh3 e5 16. Qb4 b5 17. Qd2 bxc4 18. dxc4 a5 19. b3 f5 20. Ng5 fxe4 21. Nxe4 Bf5 22. Ng5 Nf7 23. Nxf7 Rxf7 24. 0-0 Ra7 25. Rad1 Qb6 26. Kh2 Qb4 27. Qg5 Kh7 28. Qd2 a4 29. Nc1 axb3 30. axb3 Bh6 31. f4 Bg7 32. Qe2 Qc3 33. fxe5 Bc2 34. Be4 Bxd1 35. Rxd1 Kh6 36. Rd3 Qxc1 37. Rxd4 Bxe5 38. Rd1 Ra2 39. Qxa2 Qxd1 40. Qa7 Qe2+ 41. Bg2 Rxb3 0-1

[Event "Mecklenburg VP LL 1617"]
[Site "Mecklenburg VP"]
[Date "2017.04.23"]
[Round "9.8"]
[White "Dupke, Andreas"]
[Black "Giese, Lothar"]
[Result "1/2-1/2"]
[WhiteElo "1755"]
[BlackElo "1795"]
[PlyCount "125"]
[EventDate "2016.10.16"]
[EventType "team-tourn"]
[EventRounds "9"]
[EventCountry "GER"]
[SourceTitle "EXT 2022"]
[Source "ChessBase"]
[SourceDate "2021.10.06"]
[SourceVersion "1"]
[SourceVersionDate "2021.10.06"]
[SourceQuality "1"]
[WhiteTeam "Neubrandenburg SG Eintracht"]
[BlackTeam "Stralsund FHSG"]
[WhiteTeamCountry "GER"]
[BlackTeamCountry "GER"]

1. e4 g6 2. d4 Bg7 3. Nf3 d6 4. Nc3 Nf6 5. Be2 0-0 6. 0-0 Nbd7 7. h3 c5 8. Be3 b6 9. e5 Ne8 10. exd6 Nxd6 11. dxc5 bxc5 12. Bf4 Qb6 13. Nd5 Qd8 14. Nxe7+ Qxe7 15. Bxd6 Qf6 16. Bxf8 Bxf8 17. Qd5 Rb8 18. b3 Nb6 19. Qg5 Qe6 20. Rfe1 Be7 21. Qe5 Bd6 22. Qxe6 Bxe6 23. Rad1 Be7 24. Ne5 Rc8 25. c4 Bf6 26. Bf3 Rc7 27. Bg4 Bxg4 28. hxg4 h6 29. a4 a5 30. Rd6 Bxe5 31. Rxb6 Bc3 32. Re8+ Kg7 33. Rd6 Rb7 34. f4 Rxb3 35. g5 Bd4+ 36. Kf1 hxg5 37. fxg5 Rg3 38. Rd5 Rg4 39. Ra8 Rf4+ 40. Ke1 Bc3+ 41. Ke2 Rxc4 42. Rdd8 Rg4 43. Rg8+ Kh7 44. Kd3 Bd4 45. Rge8 Rxg5 46. Kc4 Rxg2 47. Rxa5 g5 48. Ra7 Rf2 49. a5 g4 50. Re4 Kg7 51. Rxg4+ Kf6 52. a6 Ke6 53. Re4+ Kd6 54. Rb7 Kc6 55. Ree7 Rc2+ 56. Kd3 Rc3+ 57. Kd2 Ra3 58. a7 c4 59. Rec7+ Kd5 60. Rxf7 Ra2+ 61. Ke1 c3 62. Rfc7 Ke4 63. Rb1 1/2-1/2

[Event "Mecklenburg VP LL 1617"]
[Site "Mecklenburg VP"]
[Date "2017.01.15"]
[Round "5.8"]
[White "Giese, Lothar"]
[Black "Bahr, Enrico"]
[Result "0-1"]
[WhiteElo "1795"]
[BlackElo "1827"]
[PlyCount "112"]
[EventDate "2016.10.16"]
[EventType "team-tourn"]
[EventRounds "9"]
[EventCountry "GER"]
[SourceTitle "EXT 2022"]
[Source "ChessBase"]
[SourceDate "2021.10.06"]
[SourceVersion "1"]
[SourceVersionDate "2021.10.06"]
[SourceQuality "1"]
[WhiteTeam "Stralsund FHSG"]
[BlackTeam "Wismar ASV Gruen-Weiss"]
[WhiteTeamCountry "GER"]
[BlackTeamCountry "GER"]

1. c4 Nf6 2. Nc3 g6 3. e4 d6 4. d4 Bg7 5. Be2 Nbd7 6. Nf3 0-0 7. h3 e5 8. d5 a6 9. Be3 b6 10. Qd2 Nc5 11. Qc2 Nh5 12. b4 Nb7 13. 0-0 f5 14. Nh2 Qh4 15. Nf3 Qf6 16. Nh2 Nf4 17. Bxf4 exf4 18. Rac1 Qxc3 19. Qxc3 Bxc3 20. Rxc3 fxe4 21. Re1 a5 22. a3 Re8 23. Bd1 axb4 24. axb4 Ra1 25. Kf1 Bf5 26. Nf3 Rea8 27. Nd4 Rb1 28. Bc2 Rxe1+ 29. Kxe1 Ra1+ 30. Kd2 Ra2 31. Kc1 Ra1+ 32. Kd2 Rf1 33. g4 fxg3 34. Nxf5 g2 35. Rg3 g1Q 36. Rxg1 Rxg1 37. Ne3 Rh1 38. Bxe4 Rxh3 39. Kc3 Kf7 40. Kd4 h5 41. Ng2 g5 42. f3 Rh2 43. Ne3 h4 44. Bf5 Rb2 45. Kc3 Rf2 46. Be6+ Kg7 47. Bg4 h3 48. Bxh3 Rxf3 49. Bc8 Rxe3+ 50. Kd2 Re5 51. Bxb7 g4 52. Bc8 g3 53. Bh3 Kf6 54. Bg2 Rf5 55. Ke3 Ke5 56. Bh3 Rf4 0-1

[Event "Mecklenburg VP LL 1617"]
[Site "Mecklenburg VP"]
[Date "2016.12.04"]
[Round "4.8"]
[White "Altenburg, Reiner"]
[Black "Giese, Lothar"]
[Result "1/2-1/2"]
[WhiteElo "1680"]
[BlackElo "1795"]
[PlyCount "50"]
[EventDate "2016.10.16"]
[EventType "team-tourn"]
[EventRounds "9"]
[EventCountry "GER"]
[SourceTitle "EXT 2022"]
[Source "ChessBase"]
[SourceDate "2021.10.06"]
[SourceVersion "1"]
[SourceVersionDate "2021.10.06"]
[SourceQuality "1"]
[WhiteTeam "Ludwigslust VT 2000"]
[BlackTeam "Stralsund FHSG"]
[WhiteTeamCountry "GER"]
[BlackTeamCountry "GER"]

1. d4 d5 2. c4 e6 3. Nc3 Nf6 4. Bg5 Be7 5. e3 h6 6. Bh4 0-0 7. Nf3 b6 8. Rc1 Ba6 9. Nd2 dxc4 10. Bxc4 Bxc4 11. Nxc4 Nd5 12. Bxe7 Qxe7 13. Qf3 Na6 14. 0-0 Nxc3 15. Rxc3 c5 16. Ne5 cxd4 17. Nc6 Qf6 18. Qxf6 gxf6 19. Nxd4 Nb4 20. a3 Nd5 21. Rc2 f5 22. Rfc1 Kg7 23. Kf1 Kf6 24. Nb5 Rfd8 25. Ke2 Rd7 1/2-1/2

[Event "Mecklenburg VP VL 1516"]
[Site "Mecklenburg VP"]
[Date "2015.09.20"]
[Round "1.6"]
[White "Giese, Lothar"]
[Black "Feindura, Rene"]
[Result "1-0"]
[WhiteElo "1800"]
[BlackElo "1843"]
[PlyCount "65"]
[EventDate "2015.09.20"]
[EventType "team-tourn"]
[EventRounds "9"]
[EventCountry "GER"]
[SourceTitle "EXT 2022"]
[Source "ChessBase"]
[SourceDate "2021.10.06"]
[SourceVersion "1"]
[SourceVersionDate "2021.10.06"]
[SourceQuality "1"]
[WhiteTeam "Stralsund FHSG"]
[BlackTeam "Warnemuende SF Ostsee"]
[WhiteTeamCountry "GER"]
[BlackTeamCountry "GER"]

1. c4 Nf6 2. Nc3 c5 3. g3 Nc6 4. Bg2 g6 5. d3 Bg7 6. e4 d6 7. Nge2 0-0 8. 0-0 Nd4 9. Nxd4 cxd4 10. Nd5 Nd7 11. b4 a5 12. b5 Rb8 13. a4 b6 14. h4 Nc5 15. Nf4 h5 16. Ra2 Bb7 17. Kh2 e5 18. Nd5 Bxd5 19. cxd5 Rb7 20. Bh3 Qe7 21. f4 exf4 22. Bxf4 Be5 23. Raf2 Rc7 24. Bxe5 Qxe5 25. Bf5 Re8 26. Bh3 Ree7 27. Rf6 Kg7 28. R1f5 gxf5 29. Rxf5 Qxf5 30. Bxf5 Nd7 31. Qxh5 Nf8 32. Qg5+ Ng6 33. h5 1-0

[Event "Mecklenburg VP VL 1314"]
[Site "Mecklenburg VP"]
[Date "2013.10.27"]
[Round "1.5"]
[White "Giese, Lothar"]
[Black "Giese, Guido"]
[Result "1/2-1/2"]
[WhiteElo "1782"]
[BlackElo "1899"]
[PlyCount "92"]
[EventDate "2013.10.20"]
[EventType "team-tourn"]
[EventRounds "9"]
[EventCountry "GER"]
[SourceTitle "EXT 2022"]
[Source "ChessBase"]
[SourceDate "2021.10.06"]
[SourceVersion "1"]
[SourceVersionDate "2021.10.06"]
[SourceQuality "1"]
[WhiteTeam "Stralsund FHSG"]
[BlackTeam "Rostock HSG Uni"]
[WhiteTeamCountry "GER"]
[BlackTeamCountry "GER"]

1. c4 Nf6 2. Nc3 g6 3. d4 Bg7 4. e4 d6 5. Nf3 0-0 6. Be2 Na6 7. h3 e5 8. d5 Nc5 9. Bg5 a5 10. 0-0 h6 11. Bxf6 Qxf6 12. Nh2 Qe7 13. Qd2 f5 14. f3 f4 15. Ng4 h5 16. Nf2 Bf6 17. Nd3 Nxd3 18. Bxd3 Bh4 19. Kh1 b6 20. a3 g5 21. Rg1 Bg3 22. Ne2 Bf2 23. Nxf4 Bxg1 24. Ng6 Qf6 25. Nxf8 Bd4 26. Ne6 Bxe6 27. dxe6 c5 28. Rf1 Ra7 29. a4 Rg7 30. b3 Qxe6 31. g4 Qh6 32. Kg2 Rh7 33. Rh1 hxg4 34. fxg4 Rf7 35. Rf1 Rf4 36. Rxf4 exf4 37. Qe2 Qh4 38. Qf3 Qe1 39. Bf1 Qd2+ 40. Be2 Qc1 41. Bf1 Qb2+ 42. Be2 Be3 43. e5 Qxe5 44. Qd5+ Qxd5+ 45. cxd5 Kg7 46. Kf3 Kf6 1/2-1/2

[Event "Mecklenburg VP VL 1213"]
[Site "Mecklenburg VP"]
[Date "2013.04.28"]
[Round "9.6"]
[White "Birnbaum, Wolf Dieter"]
[Black "Giese, Lothar"]
[Result "1/2-1/2"]
[WhiteElo "1842"]
[BlackElo "1818"]
[PlyCount "21"]
[EventDate "2012.10.14"]
[EventType "team-tourn"]
[EventRounds "9"]
[EventCountry "GER"]
[SourceTitle "EXT 2022"]
[Source "ChessBase"]
[SourceDate "2021.10.06"]
[SourceVersion "1"]
[SourceVersionDate "2021.10.06"]
[SourceQuality "1"]
[WhiteTeam "Warnemuende SF Ostsee"]
[BlackTeam "Stralsund FHSG"]
[WhiteTeamCountry "GER"]
[BlackTeamCountry "GER"]

1. Nf3 Nf6 2. g3 g6 3. Bg2 Bg7 4. 0-0 0-0 5. d4 d5 6. c4 e6 7. Nc3 c6 8. Ne5 dxc4 9. Nxc4 Nd5 10. e4 Nxc3 11. bxc3 1/2-1/2

[Event "Mecklenburg VP VL 1213"]
[Site "Mecklenburg VP"]
[Date "2012.12.09"]
[Round "4.6"]
[White "Giese, Lothar"]
[Black "Ehlers, Michael2"]
[Result "0-1"]
[WhiteElo "1818"]
[BlackElo "1857"]
[PlyCount "125"]
[EventDate "2012.10.14"]
[EventType "team-tourn"]
[EventRounds "9"]
[EventCountry "GER"]
[SourceTitle "EXT 2022"]
[Source "ChessBase"]
[SourceDate "2021.10.06"]
[SourceVersion "1"]
[SourceVersionDate "2021.10.06"]
[SourceQuality "1"]
[WhiteTeam "Stralsund FHSG"]
[BlackTeam "Torgelow Droegeheide"]
[WhiteTeamCountry "GER"]
[BlackTeamCountry "GER"]

1. c4 e5 2. Nc3 Nf6 3. e4 Bc5 4. d3 d6 5. h3 Be6 6. a3 c6 7. Nf3 h6 8. Na4 Nbd7 9. Nxc5 Nxc5 10. b4 Ncd7 11. Be3 0-0 12. Be2 d5 13. exd5 cxd5 14. 0-0 Qe7 15. c5 d4 16. Bd2 Rfc8 17. Nh2 Nd5 18. Bf3 b6 19. cxb6 N7xb6 20. Re1 f6 21. Ng4 Rc7 22. Be4 Rac8 23. f4 Nc3 24. Qf3 f5 25. Bxf5 Bxf5 26. Nxe5 Qf6 27. g4 Be6 28. Qf2 Rd8 29. f5 Bc8 30. h4 Re7 31. Ng6 Rf7 32. Rac1 Nbd5 33. Ne5 Rc7 34. g5 Qxf5 35. Qxd4 Nb5 36. Qe4 Qxe4 37. dxe4 Ndc3 38. Be3 Re8 39. Bf4 hxg5 40. hxg5 Rce7 41. Bd2 Rxe5 42. Bxc3 Rxg5+ 43. Kf2 Rf8+ 44. Ke2 Ba6 45. Kd1 Rg2 46. Rc2 Rxc2 47. Kxc2 Rc8 48. Re3 Rxc3+ 49. Rxc3 Nxc3 50. Kxc3 Kf7 51. Kd4 Ke6 52. a4 Be2 53. b5 g5 54. Ke3 Bf1 55. Kf2 Bc4 56. Ke3 Ke5 57. Kf3 Be6 58. a5 Kd6 59. b6 axb6 60. axb6 Kc6 61. b7 Kxb7 62. e5 Kc6 63. Ke4 0-1

[Event "Mecklenburg VP VL 1112"]
[Site "Mecklenburg VP"]
[Date "2012.04.15"]
[Round "9.6"]
[White "Giese, Lothar"]
[Black "Wulff, Jens Peter"]
[Result "1/2-1/2"]
[WhiteElo "1853"]
[BlackElo "1692"]
[PlyCount "21"]
[EventDate "2011.10.02"]
[EventType "team-tourn"]
[EventRounds "9"]
[EventCountry "GER"]
[SourceTitle "EXT 2022"]
[Source "ChessBase"]
[SourceDate "2021.10.06"]
[SourceVersion "1"]
[SourceVersionDate "2021.10.06"]
[SourceQuality "1"]
[WhiteTeam "Stralsund FHSG"]
[BlackTeam "Grevesmuehlen Blau Weiss"]
[WhiteTeamCountry "GER"]
[BlackTeamCountry "GER"]

1. Nf3 g6 2. g3 Bg7 3. Bg2 c6 4. d4 d6 5. 0-0 Na6 6. e3 Nc7 7. c4 f5 8. Nc3 Nf6 9. Qc2 Be6 10. b3 Bf7 11. Bb2 1/2-1/2

[Event "Mecklenburg VP VL 1112"]
[Site "Mecklenburg VP"]
[Date "2011.10.23"]
[Round "2.6"]
[White "Giese, Lothar"]
[Black "Kunow, Frank"]
[Result "0-1"]
[WhiteElo "1853"]
[BlackElo "1903"]
[PlyCount "138"]
[EventDate "2011.10.02"]
[EventType "team-tourn"]
[EventRounds "9"]
[EventCountry "GER"]
[SourceTitle "EXT 2022"]
[Source "ChessBase"]
[SourceDate "2021.10.06"]
[SourceVersion "1"]
[SourceVersionDate "2021.10.06"]
[SourceQuality "1"]
[WhiteTeam "Stralsund FHSG"]
[BlackTeam "Neubrandenburg SG Eintracht"]
[WhiteTeamCountry "GER"]
[BlackTeamCountry "GER"]

1. c4 Nf6 2. Nc3 e5 3. e4 Bb4 4. d3 c6 5. a3 Bxc3+ 6. bxc3 d5 7. Qc2 dxe4 8. dxe4 Qa5 9. Bd2 Bg4 10. h3 Bh5 11. Ne2 Bg6 12. Ng3 Nbd7 13. Be2 Nc5 14. f3 Rd8 15. 0-0 0-0 16. Be3 Rd7 17. Kh2 h6 18. Rfd1 Rfd8 19. Rxd7 Rxd7 20. Bf1 a6 21. Bxc5 Qxc5 22. a4 Qe3 23. Qc1 Qf2 24. Qe1 Qc5 25. Rd1 Rxd1 26. Qxd1 Qa5 27. Qb3 Qc7 28. Qb4 c5 29. Qb1 Ne8 30. Bd3 f6 31. Nf1 Nd6 32. Ne3 Qa5 33. Qb3 Be8 34. Bc2 Bc6 35. Nd5 Qd8 36. Bd3 Kf7 37. Qa3 Qa5 38. Bc2 Nxc4 39. Qa2 b5 40. Ne3 Qxc3 41. axb5 Bxb5 42. Bb3 Qxe3 43. Bxc4+ Bxc4 44. Qxc4+ Ke7 45. Qxa6 Qd4 46. Qa7+ Ke6 47. Qxg7 c4 48. Qg8+ Kd6 49. Qf8+ Kc6 50. Qxh6 c3 51. Qxf6+ Kb5 52. Qe6 Kb4 53. Qe7+ Qc5 54. Qb7+ Kc4 55. Qb1 Qf2 56. Qb7 c2 57. Qd5+ Kb4 58. Qa2 Kc3 59. Qa3+ Kd2 60. Qb4+ Kd1 61. Qb3 Ke1 62. Qc4 Qd2 63. Kg1 Qe3+ 64. Kh2 c1Q 65. Qa2 Qd3 66. h4 Qdd2 67. Qa7 Qf4+ 68. g3 Qxf3 69. Qa5+ Qd2+ 0-1

[Event "Mecklenburg VP LL2 Ost 1011"]
[Site "Mecklenburg VP"]
[Date "2011.01.23"]
[Round "6.2"]
[White "Giese, Lothar"]
[Black "Wittig, Harry"]
[Result "1/2-1/2"]
[WhiteElo "1867"]
[BlackElo "1935"]
[PlyCount "36"]
[EventDate "2010.10.10"]
[EventType "team-tourn"]
[EventRounds "9"]
[EventCountry "GER"]
[SourceTitle "EXT 2022"]
[Source "ChessBase"]
[SourceDate "2021.10.06"]
[SourceVersion "1"]
[SourceVersionDate "2021.10.06"]
[SourceQuality "1"]
[WhiteTeam "Stralsund FHSG II"]
[BlackTeam "Waren ESV"]
[WhiteTeamCountry "GER"]
[BlackTeamCountry "GER"]

1. c4 c5 2. Nc3 Nc6 3. e4 g6 4. Nf3 Bg7 5. d3 d6 6. g3 Nf6 7. Bg2 0-0 8. 0-0 Bd7 9. h3 Ne8 10. Be3 Nc7 11. Qd2 Rb8 12. Rab1 b5 13. Nd5 Re8 14. Bh6 Bh8 15. b3 e6 16. Nxc7 Qxc7 17. cxb5 Nd4 18. Nxd4 Bxd4 1/2-1/2

[Event "Mecklenburg VP VL 1011"]
[Site "Mecklenburg VP"]
[Date "2010.10.10"]
[Round "1.7"]
[White "Giese, Lothar"]
[Black "Birnbaum, Wolf Dieter"]
[Result "1/2-1/2"]
[WhiteElo "1867"]
[BlackElo "1847"]
[PlyCount "22"]
[EventDate "2010.10.10"]
[EventType "team-tourn"]
[EventRounds "9"]
[EventCountry "GER"]
[SourceTitle "EXT 2022"]
[Source "ChessBase"]
[SourceDate "2021.10.06"]
[SourceVersion "1"]
[SourceVersionDate "2021.10.06"]
[SourceQuality "1"]
[WhiteTeam "Stralsund FHSG"]
[BlackTeam "Warnemuende SF Ostsee"]
[WhiteTeamCountry "GER"]
[BlackTeamCountry "GER"]

1. c4 c5 2. Nc3 Nc6 3. g3 g6 4. Bg2 Bg7 5. d3 e6 6. e4 Nge7 7. Nge2 0-0 8. 0-0 h6 9. Rb1 b6 10. a3 Bb7 11. Bf4 d6 1/2-1/2

[Event "Mecklenburg VP LL2 Ost 0910"]
[Site "Mecklenburg VP"]
[Date "2010.02.28"]
[Round "7.1"]
[White "Giese, Lothar"]
[Black "Ksieski, Zbigniew"]
[Result "0-1"]
[WhiteElo "1895"]
[BlackElo "2282"]
[PlyCount "44"]
[EventDate "2009.10.18"]
[EventType "team-tourn"]
[EventRounds "9"]
[EventCountry "GER"]
[SourceTitle "EXT 2016"]
[Source "ChessBase"]
[SourceDate "2015.10.08"]
[SourceVersion "1"]
[SourceVersionDate "2015.10.08"]
[SourceQuality "1"]
[WhiteTeam "Stralsund FHSG II"]
[BlackTeam "Gryps SV"]
[WhiteTeamCountry "GER"]
[BlackTeamCountry "GER"]

1. c4 Nf6 2. Nc3 e5 3. g3 Bb4 4. Bg2 0-0 5. d3 c6 6. Qb3 Na6 7. Bd2 d5 8. cxd5 cxd5 9. Nxd5 Bxd2+ 10. Kxd2 Be6 11. Nxf6+ Qxf6 12. Qb5 Rad8 13. Ke1 Nc7 14. Qxb7 Nd5 15. Bf3 Rb8 16. Qxa7 e4 17. dxe4 Qxb2 18. Rd1 Nc3 19. Kf1 Nxd1 20. Kg2 Ra8 21. Qe7 Rxa2 22. h4 Qb6 0-1

[Event "Mecklenburg VP LL2 Ost 0910"]
[Site "Mecklenburg VP"]
[Date "2009.11.29"]
[Round "3.1"]
[White "Giese, Lothar"]
[Black "Herholz, Holger"]
[Result "0-1"]
[WhiteElo "1895"]
[BlackElo "1878"]
[PlyCount "160"]
[EventDate "2009.10.18"]
[EventType "team-tourn"]
[EventRounds "9"]
[EventCountry "GER"]
[SourceTitle "EXT 2016"]
[Source "ChessBase"]
[SourceDate "2015.10.08"]
[SourceVersion "1"]
[SourceVersionDate "2015.10.08"]
[SourceQuality "1"]
[WhiteTeam "Stralsund FHSG II"]
[BlackTeam "Warnemuende SF Ostsee II"]
[WhiteTeamCountry "GER"]
[BlackTeamCountry "GER"]

1. c4 Nf6 2. Nc3 g6 3. e4 d6 4. d4 Bg7 5. g3 0-0 6. Bg2 c5 7. d5 Re8 8. Nge2 a6 9. a4 Nbd7 10. 0-0 Qc7 11. h3 e6 12. dxe6 fxe6 13. Bf4 e5 14. Be3 Nf8 15. Nd5 Nxd5 16. cxd5 Bd7 17. Qd2 b5 18. axb5 axb5 19. Rfc1 Qb7 20. b4 c4 21. Qb2 Rxa1 22. Rxa1 Ra8 23. Ra2 Rxa2 24. Qxa2 Bf6 25. Qa5 Be8 26. Nc3 Qd7 27. h4 Bd8 28. Qa6 h5 29. Kh2 Nh7 30. Bh3 Qc7 31. Nxb5 Bxb5 32. Qxb5 c3 33. Bh6 Nf6 34. Qe2 c2 35. Bc1 Qc3 36. f3 Bb6 37. Be6+ Kg7 38. Qd2 Qxd2+ 39. Bxd2 Bd4 40. b5 Ne8 41. Bd7 Nc7 42. Bc6 Bb2 43. f4 exf4 44. Bxf4 c1Q 45. Bxc1 Bxc1 46. e5 dxe5 47. d6 Ne6 48. Kg2 Be3 49. Kf3 Bc5 50. Ke4 Kf6 51. Kd5 Bb6 52. Bd7 Nd8 53. Bh3 Bf2 54. g4 hxg4 55. Bxg4 Bxh4 56. d7 Bf2 57. Kd6 Bb6 58. Kd5 Kg5 59. Bf3 Kf4 60. Bh1 g5 61. Bg2 g4 62. Bh1 g3 63. Bg2 Bd4 64. Kd6 e4 65. Kc7 Ne6+ 66. Kd6 e3 67. Kxe6 Bb6 68. Bf1 g2 69. Bxg2 e2 70. Kd6 e1Q 71. Kc6 Qe6+ 72. Kb7 Bd8 73. Bc6 Qe3 74. Kb8 Qb6+ 75. Ka8 Bc7 76. Bb7 Qa5+ 77. Ba6 Bd8 78. Ka7 Qb6+ 79. Ka8 Bc7 80. Bb7 Qxb5 0-1

[Event "Mecklenburg VP LL2 Ost 0708"]
[Site "Mecklenburg VP"]
[Date "2008.04.20"]
[Round "9.1"]
[White "Giese, Lothar"]
[Black "Ksieski, Zbigniew"]
[Result "0-1"]
[WhiteElo "1868"]
[BlackElo "2322"]
[PlyCount "100"]
[EventDate "2007.10.21"]
[EventType "team-tourn"]
[EventRounds "9"]
[EventCountry "GER"]
[SourceTitle "EXT 2016"]
[Source "ChessBase"]
[SourceDate "2015.10.08"]
[SourceVersion "1"]
[SourceVersionDate "2015.10.08"]
[SourceQuality "1"]
[WhiteTeam "Stralsund FHSG II"]
[BlackTeam "Gryps SV"]
[WhiteTeamCountry "GER"]
[BlackTeamCountry "GER"]

1. c4 c5 2. Nc3 Nc6 3. g3 g6 4. Bg2 Bg7 5. d3 Nf6 6. e4 0-0 7. Nge2 Ne8 8. 0-0 Nc7 9. Be3 Ne6 10. Qd2 Ned4 11. Bh6 d6 12. Bxg7 Kxg7 13. Nxd4 Nxd4 14. Ne2 Nxe2+ 15. Qxe2 e5 16. f4 Bd7 17. Rf2 Qe7 18. Raf1 exf4 19. Rxf4 f6 20. R4f2 Qe5 21. Qe3 Rae8 22. Rd2 Bc6 23. d4 cxd4 24. Qxd4 Qc5 25. Qxc5 dxc5 26. Re1 Re5 27. Rde2 Rfe8 28. Bf3 h5 29. h4 Rd8 30. b3 Rd3 31. Kf2 Kh6 32. Re3 Rd4 33. R1e2 g5 34. hxg5+ fxg5 35. g4 h4 36. Re1 Kg7 37. Bg2 Re7 38. R1e2 Rf7+ 39. Rf3 Rxf3+ 40. Bxf3 Rd3 41. Re3 Rxe3 42. Kxe3 Kf6 43. Bg2 Ke5 44. a3 b6 45. b4 Bd7 46. Bf3 Be6 47. bxc5 bxc5 48. Be2 a6 49. Kf3 Kd4 50. Bf1 Bxc4 0-1